01391nam a2200241Ia 4500001000900000003001000009008004100019040002500060041001300085100001200098245006000110250001100170260006700181300001300248500026000261501011400521520026000635650004300895942000700938957000600945999004000951952015800991L103-589IT-CnALBA170116s9999||||xx |||||||||||||| ||und|| aIT-CnALBAcIT-CnALBA aITALIANO aAA. VV. 0aGRANDE ANTOLOGIA FILOSOFICA. VOL. XII PENSIERO MODERNO  a1a ed. a MILANO - COMObMARZORATI CARLO EDITORE c1968 [1° Ed.: n.d.] a1132 p.  aDIREZIONE SCIACCA M. FEDERICO. COORDINATORI: MOSCHETTI A E SCHIAVONE M. COPERNICO KEPLERO GALILEO BACONE FRANCESCO DESCARTES RENATO. IL CARTESIANESIMO NEL SEICENTO. GASSENDI PIERRE. LIBERTINISMO. PORT ROYAL. PASCAL. I FILOSOFI E LE CORRENTI FILOSOFICHE SO aSocietà San Paolo EM - Piazza San Paolo, 14 - 12051 ALBA (CN) (non commercial uses only) ® Copyright 2017 aDIREZIONE SCIACCA M. FEDERICO. COORDINATORI: MOSCHETTI A E SCHIAVONE M. COPERNICO KEPLERO GALILEO BACONE FRANCESCO DESCARTES RENATO. IL CARTESIANESIMO NEL SEICENTO. GASSENDI PIERRE. LIBERTINISMO. PORT ROYAL. PASCAL. I FILOSOFI E LE CORRENTI FILOSOFICHE SO aDIZIONARI ED ENCICLOPEDIE DI FILOSOFIA cBK 71 a688bNOg Copie: 1 c259825d259825 0010406L_10358971aALBAbALBAd2017-01-16l0oL103-589r2017-01-16 00:00:00w2017-01-16yBKz(data import: 16 gennaio 2017) - By Epidotti, Vaglietti.